| 000 | 00903nam a2200265 i 4500 | ||
|---|---|---|---|
| 003 | DO-SdBNP | ||
| 005 | 20250729094311.0 | ||
| 007 | ta | ||
| 008 | 250729s2012 dr ao 000 0 spa d | ||
| 040 |
_aDO-SdBNP _bspa _cBNPHU _erda |
||
| 041 | _aspa | ||
| 082 |
_axxxx _bR426 _222 |
||
| 110 |
_aRepública Dominicana _bConsejo Nacional de Competitividad. _987146 |
||
| 245 | 1 | 0 |
_aMemorias institucionales : _b2004-2011 / |
| 246 | 1 | 0 |
_aMemorias institucionales : _b2004-2012 / |
| 264 | 1 |
_aSanto Domingo : _bConsejo Nacional de Competitividad, _c[2012]. |
|
| 300 |
_a99 páginas : _bilustraciones, fotografías ; _c28 cm. |
||
| 336 |
_atexto _btxt _2rdacontent |
||
| 337 |
_asin mediación _bn _2rdamedia |
||
| 338 |
_avolumen _bnc _2rdacarrier |
||
| 590 | _aInventariado, 2025/ YL | ||
| 600 | 1 |
_aConsejo Nacional de Competitividad _xMemorias _y2004-2011 _988018 |
|
| 910 | _aYLockward | ||
| 942 |
_2ddc _cLBS1 |
||
| 999 |
_c59658 _d59658 |
||